000 00811nam0a22002411 4500
001 rc\1077705
005 20041126173531.7
035 _a(NLR Aleph) 006326509
090 _a7500401
_c7500401
100 _a20041126d1983 u |0rusy50 ca
101 0 _arus
102 _aRU
105 _aa |||||||||
200 1 _aСверхрегенераторы
_f[М.Н. Белкин, Г.И. Кравченко, Ю.Г. Скоробутов, Б.А. Стрюков]
_gПод ред. М.К. Белкина
210 _aМ.
_cРадио и связь
_d1983
215 _a248 с.
_cил.
_d21
320 _aБиблиогр.: с. 234-240
701 1 _aБелкин
_bМ. К.
_gМарк Константинович
801 0 _aRU
_bNLR
_gpsbo
801 1 _aRU
_bELAR
_2rusmarc
852 _aNLR
_j84-3/3348
942 _cBOOK
980 _aNB